| 000 | 00590nam a2200193 i 4500 | ||
|---|---|---|---|
| 001 | 189980 | ||
| 003 | ES-MaACL | ||
| 005 | 20251003200420.0 | ||
| 008 | 200303s1970 sp |||| | spa d | ||
| 245 | 0 | 0 |
_aSanta Teresa, madre y doctora / _cEnrique Llamas ... [et al.]. |
| 260 |
_aMadrid : _bEspiritualidad, _c[1970] |
||
| 300 |
_a233 p. ; _c18 cm. |
||
| 490 | 1 |
_aLogos ; _v13 |
|
| 600 | 0 | 0 |
_aTeresa de Jesús, _cSanta, _d1515-1582 _9226510 |
| 700 | 1 |
_aLlamas, Enrique, _d1926-2017 _972663 |
|
| 830 | 1 |
_aLogos ; _v13 _9183254 |
|
| 852 |
_aES-MaACL _jP-1403-11 |
||
| 999 |
_c189980 _d189980 |
||